[Event "ch-Euro Blitz"]
[Site "Ajaccio FRA"]
[Date "2007.10.26"]
[Round "23"]
[White "Bauer, Ch"]
[Black "Philippe, C."]
[Result "1-0"]
[WhiteElo "2634"]
[BlackElo "2376"]
[PlyCount "93"]
[EventDate "2007.10.25"]
[Source "www.chesslib.no"]
[SourceDate "2004.05.04"]

1. d4 f5 2. Qd3 d5 3. Bf4 Nf6 4. e3 e6 5. Nf3 c5 6. c3 Nc6 7. Nbd2 Be7 8. h3 O-O 9. Be2 b6 10. O-O a5 11. Qc2 Ba6 12. Bxa6 Rxa6 13. a4 Ne4 14. Bh2 Ra7 15. Rfe1 Bd6 16. Nf1 g5 17. Qe2 Rg7 18. N3d2 Ne7 19. dxc5 bxc5 20. c4 Ng6 21. cxd5 exd5 22. Rad1 Bxh2+ 23. Nxh2 Ne5 24. Ndf1 g4 25. h4 Qxh4 26. Rxd5 Nf3+ 27. Nxf3 gxf3 28. Qxf3 Ng5 29. Qg3 Nh3+ 30. gxh3 Rxg3+ 31. Nxg3 Qxh3 32. Rxc5 Kh8 33. Rd1 Rg8 34. Rdd5 Rxg3+ 35. fxg3 Qxg3+ 36. Kf1 Qf3+ 37. Ke1 Qxe3+ 38. Kd1 f4 39. Re5 Qb3+ 40. Ke2 Qxa4 41. Kf3 Qb3+ 42. Kxf4 Qxb2 43. Rxa5 Qf2+ 44. Kg5 Qg3+ 45. Kf6 Qf4+ 46. Ke6 Qc4+ 47. Red5 1-0

[Event "Ch Yugoslavia Open"]
[Site "Baden-Baden GER"]
[Date "1996.??.??"]
[Round "6"]
[White "Pavasovic, Dusko"]
[Black "Golubev, Mihail"]
[Result "1-0"]
[WhiteElo "2425"]
[BlackElo "2525"]
[PlyCount "41"]
[EventDate "1996.??.??"]
[Source "www.chesslib.no"]
[SourceDate "2004.05.04"]

1. d4 f5 2. Qd3 d5 3. c4 e6 4. g3 c6 5. Bg2 Nf6 6. Nh3 Bd6 7. O-O O-O 8. b3 Kh8 9. Bb2 Qe7 10. Nd2 Ne4 11. Nf3 Bd7 12. Ne5 Be8 13. f3 Nf6 14. e4 c5 15. exd5 cxd4 16. Rfe1 Qc7 17. Ng5 Nbd7 18. Nxe6 Nxe5 19. Rxe5 Qe7 20. Re2 Rg8 21. Nxd4 1-0

[Event "Tel Aviv"]
[Site "Tel Aviv"]
[Date "1990.??.??"]
[Round "?"]
[White "Lev, Ronen"]
[Black "Soffer, Ram"]
[Result "0-1"]
[WhiteElo "2480"]
[BlackElo "2440"]
[PlyCount "96"]
[EventDate "1990.02.??"]
[Source "ChessBase"]

1. d4 f5 2. Qd3 d6 3. e4 fxe4 4. Qxe4 Nf6 5. Qh4 Bf5 6. c3 e6 7. Qg3 Nbd7 8. Nd2 g6 9. Bd3 d5 10. Bxf5 exf5 11. Ne2 Bd6 12. Qd3 Qe7 13. O-O O-O-O 14. Nf3 Rde8 15. Re1 Ne4 16. Bf4 g5 17. Bxd6 Qxd6 18. Ng3 Qf6 19. c4 g4 20. Nd2 Qg5 21. Ndxe4 dxe4 22. Qe3 f4 23. Nxe4 fxe3 24. Nxg5 h6 25. Rxe3 hxg5 26. Rae1 Kd8 27. h3 gxh3 28. gxh3 Nf6 29. Kg2 Nh5 30. Rxe8+ Rxe8 31. Rxe8+ Kxe8 32. Kf3 Kf7 33. Ke4 Kf6 34. d5 c5 35. dxc6 bxc6 36. b4 Ke6 37. a4 Nf6+ 38. Kd4 Nd7 39. a5 c5+ 40. bxc5 Ne5 41. a6 Nc6+ 42. Ke4 Nb4 43. f4 gxf4 44. h4 Nxa6 45. c6 Nc5+ 46. Kxf4 Kd6 47. h5 Ne6+ 48. Ke3 Ng7 0-1

[Event "Corr"]
[Site "?"]
[Date "1999.??.??"]
[Round "?"]
[White "Bresadola Guido"]
[Black "Bouverot Olivier"]
[Result "0-1"]
[WhiteElo "2398"]
[BlackElo "2517"]
[PlyCount "32"]
[EventDate "1999.??.??"]
[Source "www.chesslib.no"]
[SourceDate "2004.05.04"]

1. d4 f5 2. Qd3 d5 3. Bf4 Nf6 4. Nf3 e6 5. c4 Be7 6. Nc3 O-O 7. g3 c6 8. Bg2 Qe8 9. O-O Qh5 10. Ne5 g5 11. Bd2 Nbd7 12. f4 Ne4 13. cxd5 exd5 14. e3 Nxe5 15. fxe5 Be6 16. Bf3 Qg6 0-1

[Event "DEN-chT 0001"]
[Site "?"]
[Date "2000.11.05"]
[Round "1"]
[White "Rasmussen Karsten"]
[Black "Boe Olsen Mads"]
[Result "1-0"]
[WhiteElo "2417"]
[BlackElo "2389"]
[PlyCount "75"]
[EventDate "2000.??.??"]
[Source "www.chesslib.no"]
[SourceDate "2004.05.04"]

1. d4 f5 2. Qd3 d5 3. g4 fxg4 4. h3 g3 5. fxg3 Nf6 6. Nc3 Nc6 7. Bf4 a6 8. g4 e6 9. O-O-O Bd6 10. Bg5 Be7 11. Bg2 Bd7 12. Nf3 O-O 13. Rhf1 b5 14. Bxf6 Bxf6 15. e4 b4 16. Na4 Nxd4 17. Nxd4 e5 18. Ne6 Bxe6 19. Nc5 Qd6 20. exd5 Qxc5 21. dxe6 Rad8 22. Qxa6 e4 23. e7 Qxe7 24. Qc4+ Kh8 25. Qxe4 Qc5 26. Kb1 Rde8 27. Qf5 Re5 28. Qf4 Rfe8 29. Bf3 Re3 30. Qg3 Be5 31. Qf2 Bf6 32. Qd2 Qa5 33. Rfe1 Rxe1 34. Rxe1 Rxe1+ 35. Qxe1 Qe5 36. Qxb4 g6 37. a4 Qg3 38. Qf8# 1-0

[Event "09.OIBayEM Bad Wiessee op"]
[Site "?"]
[Date "2005.10.31"]
[Round "3"]
[White "Baramidze David"]
[Black "Lupor Stefan"]
[Result "1-0"]
[WhiteElo "2542"]
[BlackElo "2246"]
[PlyCount "43"]
[EventDate "2005.??.??"]
[Source "www.chesslib.no"]
[SourceDate "2004.05.04"]

1. d4 f5 2. Qd3 d5 3. g4 e6 4. c4 c6 5. Nc3 Nf6 6. cxd5 Nxg4 7. dxe6 Bxe6 8. Nf3 Nf6 9. Rg1 g6 10. Ng5 Qe7 11. Rg3 Ne4 12. Ncxe4 fxe4 13. Qxe4 Bf5 14. Qf4 Kd8 15. Re3 Qd7 16. Ne6+ Kc8 17. Nxf8 Rxf8 18. Re5 Qf7 19. e4 Nd7 20. exf5 Nxe5 21. dxe5 Qxf5 22. Bh3 1-0

[Event "Akropolis Open"]
[Site "Athens GRE"]
[Date "1989.??.??"]
[Round "?"]
[White "Mascarinas, Rico"]
[Black "Moutousis, Konstantinos"]
[Result "1-0"]
[WhiteElo "2465"]
[BlackElo "2315"]
[PlyCount "65"]
[EventDate "1989.??.??"]
[Source "www.chesslib.no"]
[SourceDate "2004.05.04"]

1. d4 f5 2. Qd3 d5 3. g4 fxg4 4. h3 gxh3 5. Nxh3 Nf6 6. Ng5 g6 7. Bh3 Bxh3 8. Qxh3 Qd7 9. Ne6 Nc6 10. Bf4 Rc8 11. Nc3 Nd8 12. Nxd8 Qxh3 13. Rxh3 Kxd8 14. Be5 c6 15. e4 Bg7 16. exd5 cxd5 17. O-O-O e6 18. Rdh1 Ke7 19. Kd2 h6 20. Kd3 a6 21. Rg1 Kf7 22. Na4 Rc6 23. Nc5 g5 24. Rf3 Kg6 25. Nxb7 Nh5 26. Bh2 Rb6 27. Nc5 Rxb2 28. Nxe6 Rc8 29. c3 Rxa2 30. Nc7 Nf6 31. Be5 Ne4 32. Nxd5 Nxc3 33. Ne7+ 1-0

[Event "Alfoeld Cup op"]
[Site "?"]
[Date "2000.??.??"]
[Round "9"]
[White "Barva Attila"]
[Black "Forgacs Jozsef"]
[Result "0-1"]
[WhiteElo "2415"]
[BlackElo "2345"]
[PlyCount "70"]
[EventDate "2000.??.??"]
[Source "www.chesslib.no"]
[SourceDate "2004.05.04"]

1. d4 f5 2. Qd3 d5 3. g4 g6 4. gxf5 Bxf5 5. Qb3 Nc6 6. Nf3 Qd6 7. Na3 O-O-O 8. Bd2 Bh6 9. O-O-O Bxd2+ 10. Rxd2 Nf6 11. Ng5 Rhf8 12. Nb5 Qd7 13. Rg1 h6 14. Nf3 Ne4 15. Rd3 a6 16. Na3 Nxf2 17. Re3 Ne4 18. Bg2 Qd6 19. Kb1 Nxd4 20. Qa4 Nc6 21. Nd4 Nc5 22. Nxf5 Qxh2 23. Nxe7+ Nxe7 24. Qg4+ Kb8 25. Rc1 Rf4 26. Qh3 Qxh3 27. Rxh3 h5 28. c3 c6 29. Nc2 Nf5 30. Rg1 Rg4 31. Nd4 Nxd4 32. cxd4 Ne6 33. e3 Rf8 34. Rhh1 Ng5 35. Kc1 Rf2 0-1

[Event "DEN-chT 0001"]
[Site "?"]
[Date "2000.11.20"]
[Round "3"]
[White "Rosenlund Thorbjorn"]
[Black "Kjeldsen Jens"]
[Result "1-0"]
[WhiteElo "2305"]
[BlackElo "2435"]
[PlyCount "77"]
[EventDate "2000.??.??"]
[Source "www.chesslib.no"]
[SourceDate "2004.05.04"]

1. d4 f5 2. Qd3 d5 3. g4 fxg4 4. h3 g3 5. Qxg3 Nf6 6. Nc3 Nc6 7. Bg5 e6 8. O-O-O Bd6 9. Qh4 Be7 10. Nf3 b5 11. e4 b4 12. Bb5 Bd7 13. exd5 bxc3 14. dxe6 Qb8 15. a4 a6 16. Bxf6 Bxf6 17. Qh5+ g6 18. Qd5 Kf8 19. exd7 Nd8 20. Rde1 axb5 21. Re8+ Kg7 22. Rhe1 c6 23. R1e7+ Kh6 24. Qe4 Qd6 25. Qe3+ g5 26. Re6 Nxe6 27. Rxe6 cxb2+ 28. Kb1 Qf4 29. Qxf4 gxf4 30. Rxf6+ Kg7 31. Rxc6 bxa4 32. Kxb2 a3+ 33. Ka2 Rhb8 34. Nd2 Rb2+ 35. Ka1 Kf7 36. Nc4 Rb4 37. Rc8 Rbb8 38. Nd6+ Ke6 39. d8=Q 1-0

[Event "Kecskemet2"]
[Site "?"]
[Date "1991.??.??"]
[Round "4"]
[White "Ostojic Predrag"]
[Black "Videki Sandor"]
[Result "0-1"]
[WhiteElo "2350"]
[BlackElo "2385"]
[PlyCount "98"]
[EventDate "1991.??.??"]
[Source "www.chesslib.no"]
[SourceDate "2004.05.04"]

1. d4 f5 2. Qd3 d5 3. g3 Nf6 4. Bg2 e6 5. Nf3 Bd6 6. O-O O-O 7. c4 c6 8. b3 Qe7 9. a4 Ne4 10. Ba3 Bxa3 11. Nxa3 b6 12. Nc2 Nd7 13. b4 Ba6 14. b5 dxc4 15. Qxc4 cxb5 16. axb5 Rfc8 17. Qa4 Bxb5 18. Qxb5 Rxc2 19. e3 Ndf6 20. Ng5 Re8 21. Nxe4 fxe4 22. Qa6 Ra8 23. Rfc1 Rc7 24. Bh3 Kf7 25. Rc4 Rxc4 26. Qxc4 Qd7 27. Rc1 Re8 28. Qa6 Re7 29. Bf1 Qb7 30. Qa2 Nd5 31. Bg2 Nf6 32. Bf1 Rc7 33. Bc4 Rc6 34. Rb1 Qc7 35. Bf1 Nd5 36. Qa6 b5 37. Qa1 b4 38. Bg2 Nc3 39. Rf1 Ne2+ 40. Kh1 Rc1 41. Qa6 Qc4 42. Qxa7+ Kf6 43. Qb7 Rxf1+ 44. Bxf1 Nxg3+ 45. hxg3 Qxf1+ 46. Kh2 Qxf2+ 47. Kh3 Kg6 48. Qxb4 Qxe3 49. d5 Qf3 0-1

[Event "Corr"]
[Site "?"]
[Date "1996.04.15"]
[Round "?"]
[White "Haeussler Rolf (GER)"]
[Black "Lohmann Frank (GER)"]
[Result "1-0"]
[WhiteElo "2310"]
[BlackElo "2390"]
[PlyCount "81"]
[EventDate "1996.??.??"]
[Source "www.chesslib.no"]
[SourceDate "2004.05.04"]

1. d4 f5 2. Qd3 d5 3. Bf4 e6 4. Nf3 Nf6 5. c4 Be7 6. Nc3 O-O 7. e3 c6 8. Be2 Ne4 9. O-O Nd7 10. h3 g5 11. Bh2 b6 12. Qc2 Bb7 13. cxd5 cxd5 14. Nxe4 dxe4 15. Ne5 Nxe5 16. Bxe5 Qd7 17. Qc7 Qxc7 18. Bxc7 Rac8 19. Rac1 Bf6 20. a4 Kf7 21. Rc3 Kg6 22. Rfc1 Rf7 23. Bb5 a6 24. Be2 Bd8 25. Be5 Rxc3 26. Rxc3 Rd7 27. Bc4 Kf7 28. g4 Ke7 29. Kg2 f4 30. exf4 gxf4 31. Bxf4 Rxd4 32. Be3 Rd6 33. Kg3 Kd7 34. g5 Rc6 35. Kg4 Ke7 36. Kh5 Bc7 37. Bb3 Be5 38. Rxc6 Bxc6 39. Kh6 Be8 40. Kxh7 Bxb2 41. Bxb6 1-0

[Event "BRA Ch sf"]
[Site "Petropolis"]
[Date "1996.06.??"]
[Round "2"]
[White "Vescovi, Giovanni P"]
[Black "Chaves, Jorge A"]
[Result "1-0"]
[WhiteElo "2475"]
[BlackElo "2205"]
[PlyCount "65"]
[EventDate "1996.??.??"]
[Source "www.chesslib.no"]
[SourceDate "2004.05.04"]

1. d4 f5 2. Qd3 Nf6 3. Qxf5 d6 4. Qd3 g6 5. e4 Bg7 6. Nf3 O-O 7. Be2 Nc6 8. O-O d5 9. e5 Bf5 10. Qd1 Ne4 11. Be3 e6 12. Ne1 h5 13. Qc1 Nxd4 14. Bxd4 c5 15. Be3 d4 16. Bh6 Bxe5 17. Bxf8 Kxf8 18. Nf3 Bc7 19. Nbd2 Bf4 20. Qd1 Nd6 21. Bd3 Qf6 22. Qe2 Bg4 23. Ne4 Nxe4 24. Bxe4 g5 25. Qb5 Bd6 26. Rfe1 h4 27. Nd2 Qf4 28. Nf1 Rc8 29. Qd7 Rc7 30. Qd8+ Kg7 31. g3 hxg3 32. hxg3 Qe5 33. Bf3 1-0

[Event "Cseppk Open Aggtelek"]
[Site "Cseppk op Aggtelek"]
[Date "1996.??.??"]
[Round "3"]
[White "Barva, Attila"]
[Black "Krizsany, Laszlo"]
[Result "1/2-1/2"]
[WhiteElo "2225"]
[BlackElo "2430"]
[PlyCount "26"]
[EventDate "1996.??.??"]
[Source "www.chesslib.no"]
[SourceDate "2004.05.04"]

1. d4 f5 2. Qd3 d5 3. g4 fxg4 4. h3 Nf6 5. hxg4 Bxg4 6. Bh3 Qd7 7. Nc3 Nc6 8. Bg5 O-O-O 9. f3 Bxh3 10. Nxh3 g6 11. O-O-O Bg7 12. Nf4 Rdf8 13. Qe3 Ne8 1/2-1/2

[Event "Budapest FS05 IM"]
[Site "Budapest"]
[Date "1999.05.10"]
[Round "10"]
[White "Olszewski, Piotr"]
[Black "Markus, Robert"]
[Result "0-1"]
[WhiteElo "2349"]
[BlackElo "2302"]
[PlyCount "70"]
[EventDate "1999.05.??"]
[Source "ChessBase"]
[SourceDate "1999.07.10"]

1. d4 f5 2. Qd3 d5 3. c4 e6 4. Nf3 Nf6 5. g3 c6 6. Bg2 Bd6 7. O-O O-O 8. b3 Qe7 9. Bb2 Bd7 10. Ne5 Be8 11. Nd2 Nbd7 12. e3 Bh5 13. f3 Rad8 14. Qc2 c5 15. Rae1 Rc8 16. Qb1 dxc4 17. Ndxc4 Bb8 18. a4 Nxe5 19. dxe5 Nd5 20. f4 Bg6 21. Bf3 b6 22. h4 Rcd8 23. h5 Be8 24. Re2 a6 25. g4 b5 26. axb5 axb5 27. Nd2 Nxe3 28. Rxe3 Rxd2 29. Bc3 Rd8 30. gxf5 Rxf5 31. Bg4 Rf8 32. h6 Bg6 33. Qa2 c4 34. Qa6 Ba7 35. Qxe6+ Qxe6 0-1

[Event "XI Open"]
[Site "Malaga ESP"]
[Date "2008.02.24"]
[Round "2"]
[White "Bellipanni, P."]
[Black "Herraiz Hidalgo, H."]
[Result "0-1"]
[WhiteElo "2166"]
[BlackElo "2485"]
[PlyCount "54"]
[EventDate "2008.02.23"]
[Source "www.chesslib.no"]
[SourceDate "2004.05.04"]

1. d4 f5 2. Qd3 d5 3. g4 e6 4. g5 c5 5. c3 Nc6 6. Nf3 Bd7 7. Bg2 Rc8 8. dxc5 Bxc5 9. Nbd2 Nge7 10. O-O e5 11. Nb3 e4 12. Qd1 exf3 13. Bxf3 Bb6 14. Bxd5 Nxd5 15. Qxd5 Qe7 16. Bf4 Be6 17. Qf3 O-O 18. e3 Rcd8 19. Nd4 Bc4 20. Rfe1 Ne5 21. Bxe5 Qxe5 22. b3 Bd5 23. Qg3 f4 24. exf4 Qxf4 25. Rad1 Bc6 26. Qxf4 Rxf4 27. Nxc6 Rxd1 0-1

[Event "Oberliga Bayern 9394"]
[Site "Bayern"]
[Date "1993.??.??"]
[Round "?"]
[White "Haag, Wolfgang"]
[Black "Bocksberger, Stefan"]
[Result "1-0"]
[WhiteElo "2290"]
[BlackElo "2340"]
[PlyCount "45"]
[EventDate "1993.10.??"]
[Source "www.chesslib.no"]
[SourceDate "2004.05.04"]

1. d4 f5 2. Qd3 g6 3. e4 fxe4 4. Qxe4 Nf6 5. Qh4 Bg7 6. Nf3 O-O 7. Nc3 d5 8. Bh6 c6 9. O-O-O a5 10. Bd3 a4 11. Rhe1 Na6 12. Ng5 Nb4 13. Bxg7 Kxg7 14. a3 Nxd3+ 15. Rxd3 b5 16. Rde3 e6 17. Rxe6 h5 18. Rxc6 Re8 19. Ne6+ Bxe6 20. Rexe6 Rxe6 21. Rxe6 Rc8 22. Qg5 Kf7 23. Re3 1-0

[Event "Szeged"]
[Site "Szeged"]
[Date "1997.??.??"]
[Round "5"]
[White "Papp Z, Csaba"]
[Black "Mozes, Ervin"]
[Result "1-0"]
[WhiteElo "2255"]
[BlackElo "2370"]
[PlyCount "149"]
[EventDate "1997.??.??"]
[Source "www.chesslib.no"]
[SourceDate "2004.05.04"]

1. d4 f5 2. Qd3 d6 3. e4 c6 4. Nc3 g6 5. h4 Nf6 6. Bg5 fxe4 7. Nxe4 Nxe4 8. Qxe4 Qa5+ 9. c3 Qf5 10. Qe3 Qe6 11. h5 Qxe3+ 12. Bxe3 gxh5 13. Rxh5 Nd7 14. Bd3 Nf6 15. Rh4 Be6 16. Nf3 Bd5 17. Ng5 h6 18. c4 Rg8 19. Nh7 Nxh7 20. cxd5 Nf6 21. dxc6 bxc6 22. Rc1 Kd7 23. g3 Rh8 24. Ke2 Rb8 25. b3 Bg7 26. Rch1 Rhf8 27. f3 Ng8 28. Bh7 Nf6 29. Bxh6 Bxh6 30. Rxh6 Nxh7 31. Rxh7 a5 32. R1h5 a4 33. Ra5 axb3 34. Ra7+ Ke6 35. Rhxe7+ Kd5 36. axb3 Rxb3 37. Rf7 Re8+ 38. Rfe7 Rf8 39. Rf7 Re8+ 40. Rae7 Ra8 41. Kf2 Ra2+ 42. Re2 Rxe2+ 43. Kxe2 Kxd4 44. Rf4+ Ke5 45. Re4+ Kf6 46. Rf4+ Ke7 47. Re4+ Kf7 48. Rf4+ Ke6 49. Re4+ Kd5 50. g4 Rb2+ 51. Ke3 c5 52. g5 Rg2 53. Kf4 c4 54. Re8 Kd4 55. Kf5 c3 56. f4 c2 57. Rc8 d5 58. Ke6 Ke4 59. f5 d4 60. f6 d3 61. f7 Rf2 62. Rc4+ Ke3 63. g6 d2 64. Rxc2 d1=Q 65. Rxf2 Qb3+ 66. Kf6 Qc3+ 67. Kg5 Qe5+ 68. Rf5 Qg3+ 69. Kf6 Qd6+ 70. Kg7 Qe7 71. Rh5 Kf4 72. Kg8 Qe6 73. g7 Kg4 74. Rh2 Kg5 75. Kh8 1-0

[Event "Winnipeg CAN"]
[Site "?"]
[Date "2003.08.29"]
[Round "2"]
[White "Boehmer Kris"]
[Black "Spraggett Kevin B"]
[Result "0-1"]
[WhiteElo "2089"]
[BlackElo "2530"]
[PlyCount "68"]
[EventDate "2003.??.??"]
[Source "www.chesslib.no"]
[SourceDate "2004.05.04"]

1. d4 f5 2. Qd3 d5 3. g4 e6 4. Nc3 Nf6 5. Bg5 Be7 6. Bxf6 Bxf6 7. gxf5 exf5 8. Bg2 c6 9. O-O-O Be6 10. f4 Nd7 11. Nf3 Qe7 12. e3 O-O-O 13. h4 Nb6 14. Rdg1 Nc4 15. Nd1 Kb8 16. Bh3 Nd6 17. h5 Ne4 18. Ne5 c5 19. c3 Rd6 20. Rh2 Rc8 21. Kb1 Rb6 22. Ka1 Qe8 23. Qe2 Ra6 24. Qc2 Rc7 25. Nf2 b5 26. Nfd3 c4 27. Nb4 Rb6 28. a3 a5 29. Na2 Ra7 30. Kb1 b4 31. axb4 axb4 32. Nxb4 Rxb4 33. cxb4 Kb7 34. Bg2 Qa8 0-1

[Event "HUN-chT 0102"]
[Site "?"]
[Date "2002.04.21"]
[Round "11"]
[White "Horvath Gyula"]
[Black "Ritter Gabor"]
[Result "1-0"]
[WhiteElo "2441"]
[BlackElo "2163"]
[PlyCount "39"]
[EventDate "2002.??.??"]
[Source "www.chesslib.no"]
[SourceDate "2004.05.04"]

1. d4 f5 2. Qd3 g6 3. e4 d6 4. Nc3 Bg7 5. Nf3 Nf6 6. e5 dxe5 7. Nxe5 Nfd7 8. Nf3 e5 9. Bg5 Bf6 10. Bxf6 Qxf6 11. dxe5 Nxe5 12. Qe3 Nbc6 13. Nd5 Qd6 14. O-O-O Rb8 15. Nxe5 Qxe5 16. Qh6 Kf7 17. Bc4 Be6 18. Rhe1 Qd6 19. Rxe6 Kxe6 20. Nxc7+ 1-0

[Event "CZE-chT2 9798"]
[Site "CZE"]
[Date "1998.??.??"]
[Round "8.1"]
[White "Krouzel, Jaroslav"]
[Black "Polasek, Jaroslav"]
[Result "1/2-1/2"]
[WhiteElo "2325"]
[BlackElo "2275"]
[PlyCount "25"]
[EventDate "1997.??.??"]
[Source "www.chesslib.no"]
[SourceDate "2004.05.04"]

1. d4 f5 2. Qd3 e6 3. Nc3 d5 4. Bf4 Nf6 5. O-O-O Be7 6. f3 O-O 7. Nh3 c5 8. dxc5 Na6 9. Bd6 Bxd6 10. cxd6 Nc5 11. Qd2 Qxd6 12. Nf2 Qb6 13. Qd4 1/2-1/2

[Event "Arnold Cup"]
[Site "Gausdal"]
[Date "1990.??.??"]
[Round "7"]
[White "Bergsson, Snorri"]
[Black "Bern, Ivar"]
[Result "1-0"]
[WhiteElo "2230"]
[BlackElo "2370"]
[PlyCount "81"]
[EventDate "1990.??.??"]
[Source "www.chesslib.no"]
[SourceDate "2004.05.04"]

1. d4 f5 2. Qd3 d5 3. h3 e6 4. Nf3 Nf6 5. g4 Ne4 6. Rg1 Be7 7. Nc3 O-O 8. gxf5 exf5 9. Bf4 c6 10. h4 Bxh4 11. Nxh4 Qxh4 12. Qf3 Be6 13. Be5 Rf7 14. Rh1 Qg4 15. Qxg4 fxg4 16. Nxe4 dxe4 17. Bg2 Bf5 18. e3 Nd7 19. Bg3 h6 20. Bf1 Be6 21. c4 Kh7 22. b3 g5 23. Bg2 Bf5 24. Rd1 Kg6 25. d5 c5 26. Bf1 h5 27. Be2 Re8 28. a3 Rh7 29. Rg1 Kf6 30. Kd2 Ne5 31. b4 Rc8 32. Kc3 cxb4+ 33. Kd4 Rxc4+ 34. Bxc4 Nf3+ 35. Kc5 Nxg1 36. Rxg1 bxa3 37. Kd4 Bg6 38. Ra1 h4 39. Be5+ Kf5 40. d6 Bf7 41. d7 1-0

[Event "HUN Ch U18"]
[Site "Paks HUN"]
[Date "1995.??.??"]
[Round "?"]
[White "Gal, Jozsef"]
[Black "Galyas, Miklos"]
[Result "0-1"]
[WhiteElo "2320"]
[BlackElo "2275"]
[PlyCount "56"]
[EventDate "1995.??.??"]
[Source "www.chesslib.no"]
[SourceDate "2004.05.04"]

1. d4 f5 2. Qd3 d5 3. g4 g6 4. gxf5 Bxf5 5. Qb5+ Nc6 6. Nf3 Qd7 7. c4 dxc4 8. d5 O-O-O 9. Nc3 Bg7 10. Qxc4 e6 11. e4 exd5 12. exd5 Nge7 13. Be3 Bxc3+ 14. bxc3 Nxd5 15. O-O-O Qe7 16. Bc5 Qe4 17. Qxe4 Bxe4 18. Bg2 Nxc3 19. Rxd8+ Rxd8 20. Re1 b6 21. Ba3 Na5 22. Be7 Rd3 23. Bh3+ Kb8 24. Ng5 Nxa2+ 25. Kb2 Rd2+ 26. Ka3 Bd5 27. Bf1 Nc3 28. Ba6 Nc6 0-1

[Event "1st It, Odivelas POR"]
[Site "?"]
[Date "2000.??.??"]
[Round "11"]
[White "Santos, AP."]
[Black "Dias, P."]
[Result "0-1"]
[WhiteElo "2270"]
[BlackElo "2300"]
[PlyCount "70"]
[EventDate "2000.??.??"]
[Source "www.chesslib.no"]
[SourceDate "2004.05.04"]

1. d4 f5 2. Qd3 d5 3. h3 c5 4. c3 Nf6 5. g4 fxg4 6. hxg4 Bxg4 7. f3 Bc8 8. dxc5 e5 9. b4 a5 10. Bh3 e4 11. fxe4 dxe4 12. Qxd8+ Kxd8 13. Bxc8 Kxc8 14. Bb2 b6 15. Nd2 bxc5 16. b5 Nbd7 17. Nc4 Kc7 18. Nh3 a4 19. Bc1 Nd5 20. Bd2 Re8 21. Nf4 N7f6 22. Nxd5+ Nxd5 23. O-O-O Be7 24. Be1 Rd8 25. Bg3+ Kb7 26. Kb2 Bf6 27. Nd6+ Rxd6 28. Bxd6 Nxc3 29. Rd2 Nxb5+ 30. Kc2 Na3+ 31. Kc1 Bg5 32. Rhd1 Rd8 33. Bxc5 Rc8 34. Kb2 Nc4+ 35. Kc3 Nxd2 0-1

[Event "Ch World (juniors)"]
[Site "Warsaw POL"]
[Date "1991.??.??"]
[Round "?"]
[White "Abdullah, Abbas"]
[Black "Bauer, Christian"]
[Result "1/2-1/2"]
[WhiteElo "2080"]
[BlackElo "2485"]
[PlyCount "101"]
[EventDate "1991.??.??"]
[Source "www.chesslib.no"]
[SourceDate "2004.05.04"]

1. d4 f5 2. Qd3 d5 3. g4 g6 4. Bg2 Nf6 5. g5 Ne4 6. Bf4 Bg7 7. Nc3 c5 8. e3 Nc6 9. Nge2 cxd4 10. exd4 e6 11. Nb5 e5 12. dxe5 O-O 13. e6 Qa5+ 14. c3 Bxe6 15. Nc7 Nc5 16. Qg3 Rac8 17. b4 Nxb4 18. cxb4 Qxb4+ 19. Bd2 Qb2 20. Rd1 Be5 21. Bf4 Qb4+ 22. Kf1 Bxf4 23. Nxf4 Rxc7 24. Nxe6 Nxe6 25. Bxd5 Re7 26. Qe5 Rfe8 27. Kg2 Qg4+ 28. Qg3 Qxg3+ 29. hxg3 Kg7 30. Bxe6 Rxe6 31. Rh4 R8e7 32. a4 Re4 33. Rxe4 fxe4 34. Re1 Kf7 35. Kf1 Ke8 36. Rb1 Kd8 37. Ke2 Kc7 38. Ke3 Kc6 39. Rb4 b6 40. g4 a5 41. Rxe4 Rb7 42. Re5 b5 43. Rxb5 Rxb5 44. axb5+ Kxb5 45. Kd3 Kc5 46. f4 Kd5 47. f5 gxf5 48. gxf5 Ke5 49. f6 Ke6 50. Kc4 h5 51. gxh6 1/2-1/2

[Event "DEN Team Ch 9091"]
[Site "Denmark"]
[Date "1991.??.??"]
[Round "7"]
[White "Clausen, Steen"]
[Black "Kjeldsen, Jens"]
[Result "1-0"]
[WhiteElo "2250"]
[BlackElo "2305"]
[PlyCount "75"]
[EventDate "1990.??.??"]
[Source "www.chesslib.no"]
[SourceDate "2004.05.04"]

1. d4 f5 2. Qd3 d5 3. Bg5 Nf6 4. Bxf6 exf6 5. g3 Bd6 6. Bg2 c6 7. Nd2 O-O 8. e3 b6 9. Ne2 g6 10. b3 Na6 11. c3 Nc7 12. O-O Ba6 13. c4 Ne6 14. h4 Rc8 15. Rfd1 Qd7 16. Rac1 Rfd8 17. Nb1 Bf8 18. Qd2 dxc4 19. bxc4 Kh8 20. Qc2 Ng7 21. Qa4 Bb7 22. Qxa7 Qc7 23. Qa4 Ra8 24. Qb3 Ra5 25. a4 g5 26. hxg5 fxg5 27. Nbc3 f4 28. exf4 gxf4 29. Nxf4 Bd6 30. Nce2 Rg8 31. Rb1 b5 32. axb5 cxb5 33. c5 Bxf4 34. Nxf4 Bxg2 35. Nxg2 Nf5 36. Qe6 Nxg3 37. fxg3 Qxg3 38. Rb2 1-0

[Event "CZE-chT2 9697"]
[Site "Czech Republic"]
[Date "1997.??.??"]
[Round "?"]
[White "Krouzel, Jaroslav"]
[Black "Spal, Milan"]
[Result "1-0"]
[WhiteElo "2285"]
[BlackElo "2245"]
[PlyCount "71"]
[EventDate "1996.??.??"]
[Source "www.chesslib.no"]
[SourceDate "2004.05.04"]

1. d4 f5 2. Qd3 d6 3. Nc3 Nf6 4. Bg5 Nc6 5. f3 g6 6. O-O-O Bg7 7. Qc4 h6 8. Bh4 f4 9. Bxf6 Bxf6 10. Nd5 e6 11. Nxf4 Bg5 12. e3 Qf6 13. Ngh3 Bd7 14. d5 Ne5 15. Qxc7 Rc8 16. Qa5 O-O 17. Nxg5 hxg5 18. Nxe6 Bxe6 19. dxe6 Rc5 20. Qd2 Rfc8 21. c3 Qxe6 22. Kb1 R8c6 23. Qc2 b5 24. Qb3 d5 25. e4 Nc4 26. exd5 Rxd5 27. Bxc4 bxc4 28. Qb8+ Kh7 29. Rde1 Qf5+ 30. Ka1 Rd7 31. h4 g4 32. Qe8 gxf3 33. gxf3 Rf6 34. h5 g5 35. Re5 Qd3 36. Re7+ 1-0

[Event "Alfoeld Cup op"]
[Site "?"]
[Date "2000.??.??"]
[Round "1"]
[White "Barva Attila"]
[Black "Ujj Daniel"]
[Result "0-1"]
[WhiteElo "2415"]
[BlackElo "2110"]
[PlyCount "62"]
[EventDate "2000.??.??"]
[Source "www.chesslib.no"]
[SourceDate "2004.05.04"]

1. d4 f5 2. Qd3 d5 3. g4 fxg4 4. h3 Nf6 5. hxg4 Bxg4 6. Bh3 Bxh3 7. Nxh3 Nc6 8. Ng5 Qd6 9. Nc3 a6 10. f4 Nb4 11. Qd1 e6 12. a3 Nc6 13. Qd3 Qd7 14. Be3 O-O-O 15. O-O-O g6 16. Rh4 Bg7 17. Rdh1 Nh5 18. Na4 Bf8 19. Bd2 Bd6 20. e4 Rdf8 21. Rf1 h6 22. Nh3 dxe4 23. Qe3 Ne7 24. Rxh5 gxh5 25. Qb3 Nf5 26. Bc3 Qb5 27. Qxe6+ Kb8 28. Rg1 Qxa4 29. d5 Nd4 30. Bxd4 Qxd4 31. f5 Qe3+ 0-1

[Event "Spring op"]
[Site "Budapest"]
[Date "1996.??.??"]
[Round "2"]
[White "Ivanovic, Miroslav"]
[Black "Voiska, Margarita"]
[Result "1-0"]
[WhiteElo "2185"]
[BlackElo "2340"]
[PlyCount "121"]
[EventDate "1996.??.??"]
[Source "ChessBase"]

1. d4 f5 2. Qd3 e6 3. e4 fxe4 4. Qxe4 Nf6 5. Qh4 Nc6 6. Nf3 Qe7 7. Be2 d6 8. O-O Bd7 9. Re1 O-O-O 10. Bb5 Qf7 11. Nc3 h6 12. Bc4 Be7 13. Qf4 g5 14. Qe3 Nd5 15. Nxd5 exd5 16. Bb5 Bf6 17. Bxc6 Bxc6 18. Qe6+ Qxe6 19. Rxe6 Rhf8 20. h3 Bd7 21. Re1 Rg8 22. Kh2 h5 23. Be3 Rdf8 24. Ng1 Rf7 25. Ne2 Bd8 26. g3 Rgf8 27. Kg2 Bf5 28. Rac1 Be4+ 29. Kg1 c6 30. a3 Rf3 31. Nc3 Bf5 32. Kg2 Bd7 33. Ne2 Ba5 34. b4 Bd8 35. Ng1 R3f7 36. Ne2 Bf5 37. Nc3 Kd7 38. Re2 Bf6 39. Ree1 Re8 40. Red1 Rfe7 41. Rd2 b5 42. a4 a6 43. Ra1 Kc7 44. axb5 axb5 45. Ra5 Kb7 46. Nd1 Be4+ 47. Kh2 Bf3 48. c3 Rb8 49. Nb2 Ra8 50. Nd3 Be4 51. Rxa8 Kxa8 52. Ra2+ Kb7 53. Ne1 Re8 54. Ra5 Be7 55. Ng2 Kb6 56. Ra2 Bd8 57. Ne1 Rf8 58. Ra8 Kb7 59. Ra2 Bf6 60. Ra5 Bd8 61. Ra2 1-0